Dinámica de elementos en epifitos de un bosque altoandino de la cordillera Oriental de Colombia (Registro nro. 14397)
[ vista simple ]
| 000 -CABECERA | |
|---|---|
| Campo de control | 004320000a22001330004500 |
| 090 ## - CLASIFICACIÓN LOCAL | |
| Colección | AS |
| Consecutivo | Seriadas |
| 041 0# - IDIOMA | |
| Código de idioma para texto/pista de sonido o título separado | |
| 100 1# - ASIENTO PRINCIPAL--NOMBRE PERSONAL | |
| Nombre personal | Caballero Rueda, Luis Martín |
| 245 10 - MENCION DE TITULO | |
| Título | Dinámica de elementos en epifitos de un bosque altoandino de la cordillera Oriental de Colombia |
| 700 1# - ASIENTO SECUNDARIO - NOMBRE PERSONAL | |
| Nombre personal | Rodríguez, Nelly |
| 700 1# - ASIENTO SECUNDARIO - NOMBRE PERSONAL | |
| Nombre personal | Martín, Carlos |
| 773 1# - Item fuente: | |
| Título | Caldasia |
| Especificación de materiales | 45 |
| Descripción física | 1-2 |
| Paginas del Articulo | 311-322 |
| Lugar, editorial y fecha de publicación | 1997 |
| Información sobre la relación | 19 |
| 942 ## - ELEMENTOS ADICIONALES (KOHA) | |
| Tipo de ítem | Artículo |
No hay ítems disponibles.